Νεοελληνική κοινωνία ιστορικές και κριτικές προσεγγίσεις

Αποθηκεύτηκε σε:
Λεπτομέρειες βιβλιογραφικής εγγραφής
Άλλοι συγγραφείς: Σακελλαρόπουλος, Θόδωρος Δ. (Επιμελητής έκδοσης)
Μορφή: Βιβλίο
Γλώσσα:Greek
Δημοσίευση: Αθήνα : Κριτική, c1993.
Σειρά:Τεύχη πολιτικής οικονομίας. Ειδική έκδοση ; 2
Θέματα:
Ετικέτες: Προσθήκη ετικέτας
Δεν υπάρχουν, Καταχωρήστε ετικέτα πρώτοι!

MARC

LEADER 00000cam a2200000 i 4500
001 1/69865
008 990223s1993 gr | ||| |||| ||gre||
020 |a 9602180757 
035 |l 10047950 
040 |a GR-MyUa  |b gre  |e AACR2 
041 0 |a gre 
082 7 |a 330.9495   |2 (22) 
245 1 0 |a Νεοελληνική κοινωνία ιστορικές και κριτικές προσεγγίσεις /   |c κείμενα Ν. Κοταρίδης ... [κ. α.] ; Θεόδωρος Σακελλαρόπουλος (επιμ.). 
260 |a Αθήνα :   |b Κριτική,   |c c1993. 
300 |a 295 σ. ;   |c 21 εκ. 
490 1 |a (Τεύχη πολιτικής οικονομίας. Ειδική έκδοση ;   |v 2) 
504 |a Βιβλιογραφία: σ. 291-295. 
650 0 |a Agriculture and politics  |z Greece. 
651 0 |a Greece  |x Social conditions  |y 20th century. 
651 0 |a Greece  |x Economic conditions  |y 20th century. 
700 1 |a Σακελλαρόπουλος, Θόδωρος Δ.  |e edt 
830 0 |a Τεύχη πολιτικής οικονομίας.   |p Ειδική έκδοση ;  |v 2 
852 |a INST  |b LESVOS  |e 19990223  |h 330.9495 ΝΕΟ  |p 005100021506  |q 005100021506  |t BK  |y 0 
852 |a INST  |b LESVOS  |e 20001101  |h 330.9495 ΝΕΟ  |p 005100028894  |q 005100028894  |t BK  |y 0 
852 |a INST  |b RHODES  |e 20131216  |h 330.9495 ΝΕΟ  |p 005400035926  |q 005400035926  |t BK  |y 0 
852 |a INST  |b SYROS  |e 20050804  |h 330.9495 ΝΕΟ  |p 005500004288  |q 005500004288  |t BK  |y 0 
901 |a BIBL5-2005-2 
901 |a BIBL1-2000-2 
901 |a BIBL4-2013-3 
920 |a ΔΙΕΥΡΥΝΣΗ  |b ΕΠΕΑΕΚ-ΤΜΣΠΣ  |y Σύρος  |z 2004-10 
922 |a 1ΕΛΗ  |b 199811  |c ΚΠΣ/ΤΚ  |d EMVASIS 
922 |a 1ΕΛΗ  |b 200009  |c ΤΑΚ/ΤΓ  |d ΠΑΠΑΣΩΤΗΡΙΟΥ 
950 |a 118-2000-07-09 
970 |z 2000/06/ΔΕΜΕΝΑΓΑΣ (ELIDOC)